| 000 | 00366nam a22001217a 4500 | ||
|---|---|---|---|
| 008 | 230620b xxu||||| |||| 00| 0 eng d | ||
| 082 |
_a323.4 _bCHR |
||
| 110 | _bStanding Committee on Human Rights | ||
| 245 | _aStanding Committee on Human Rights (K) Seventh Report | ||
| 260 |
_aKenya _bStanding Committee on Human Rights _cMay 2003 |
||
| 300 | _a61p | ||
| 942 |
_2ddc _cBK |
||
| 999 |
_c1764 _d1764 |
||